Crush - Ethel Cain (Lyrics) - Statistics

General Stats
  • This quiz has been taken 53 times
  • The average score is 271 of 328
Answer Stats
Answer % Correct
a
100%
and
100%
he
100%
his
100%
i
100%
in
100%
it
100%
on
100%
so
100%
the
100%
when
100%
with
100%
like
96%
say
96%
black
92%
but
92%
he's
92%
him
92%
me
92%
me)
92%
my
92%
you
92%
(you
92%
be
88%
can
88%
chest
88%
death
88%
denies
88%
if
88%
i've
88%
ive
88%
locker
88%
look
88%
mother
88%
read
88%
row
88%
to
88%
watch
88%
already
83%
at
83%
been
83%
coke
83%
first
83%
friends
83%
get
83%
glass
83%
guns
83%
i'd
83%
it's
83%
its
83%
keeping
83%
know
83%
men
83%
mind?
83%
more
83%
no
83%
of
83%
only
83%
says
83%
screaming
83%
shooting
83%
should
83%
wanna
83%
want
83%
watching
83%
your
83%
come
79%
cool
79%
corner
79%
daddy's
79%
eye
79%
good
79%
hasn't
79%
he'll
79%
kisses
79%
older
79%
owe
79%
passed
79%
problem
79%
tried
79%
two
79%
valedictorian
79%
actually
75%
always
75%
back
75%
bagged
75%
brother
75%
camo
75%
couldn't
75%
die
75%
em
75%
fight
75%
had
75%
hands
75%
jacket
75%
looks
75%
mom's
75%
move
75%
rather
75%
saying
75%
steady
75%
stores
75%
tell
75%
too
75%
window's
75%
works
75%
you're
75%
all
71%
can't
71%
enough
71%
important
71%
knows
71%
lies
71%
life
71%
makes
71%
mercury
71%
reds
71%
robbing
71%
save
71%
smells
71%
uh
71%
baby
67%
'cause
67%
fours
67%
fucking
67%
loves
67%
marlboro
67%
some
67%
that
67%
though
67%
up
67%
(yeah
67%
about
63%
bad
63%
beat
63%
bitch
63%
dope
63%
hard
63%
odds
63%
true)
63%
wearing
63%
did
58%
hates
58%
just
58%
lately
58%
oh
58%
right
58%
showing
58%
something
58%
crazy
54%
i'll
54%
low
54%
off
54%
piss
54%
sure
54%
there's
54%
slung
50%
til
50%
feeling
46%
something's
46%
weird
46%
maybe
42%
No matching quizzes found
Score Distribution
Percent of People with Each Score
Percentile by Number Answered
Your Score History
You have not taken this quiz